00950nam a2200229 i 4500003000900000005001700009008004100026040004300067082001600110111012000126245010000246264007100346300004000417336002400457337002800481338004300509504005300552546002000605650003200625651000600657856005700663EG-GICUC20260305223450.0260305s1933 us ||||fr|||| 001 0 eng d aEG-GiCUCbengcEG-GiCUCdEG-GiCUCeRda04221a341bPR aProceedings of the Fifth Conference of Teachers of International Law and Related Subjects n(5:d1933:cWashington)00aProceedings of the Fifth Conference of Teachers of International Law and Related Subjects / n  1aWashington : bCarnegie Endowment for International Peace, c1933. a219page : billustration ;c 24 cm. 2rda contenua texte 2rda mediasaOrdinateur 2 transporteur rdaa Ressource en ligne aIncludes bibliographical references and index.  aText in English14aPublic international law2 1 2 40uhttps://fll.law.cu.edu.eg/fulltext/bks/B11-08783.pdf